|
|
|
|
| LEADER |
01000cam a22002652cb4500 |
| 001 |
097935530 |
| 003 |
DE-627 |
| 005 |
20220423122155.0 |
| 007 |
tu |
| 008 |
061003s1996 xx ||||| 00| ||fre c |
| 020 |
|
|
|a 220021698X
|9 2-200-21698-X
|
| 035 |
|
|
|a (DE-627)097935530
|
| 035 |
|
|
|a (DE-599)GBV097935530
|
| 035 |
|
|
|a (OCoLC)247109869
|
| 040 |
|
|
|a DE-627
|b ger
|c DE-627
|e rakwb
|
| 041 |
|
|
|a fre
|
| 245 |
0 |
0 |
|a Des origines à l'époque féodale
|c Olivier Guillot; Yves Sassier
|
| 250 |
|
|
|a 2. éd
|
| 264 |
|
1 |
|c 1996
|
| 300 |
|
|
|a 341 S
|
| 336 |
|
|
|a Text
|b txt
|2 rdacontent
|
| 337 |
|
|
|a ohne Hilfsmittel zu benutzen
|b n
|2 rdamedia
|
| 338 |
|
|
|a Band
|b nc
|2 rdacarrier
|
| 490 |
1 |
|
|a Pouvoirs et institutions dans la France médiévale / Olivier Guillot; Yves Sassier; Albert Rigaudière
|v 1
|
| 700 |
1 |
|
|a Guillot, Olivier
|4 oth
|
| 700 |
1 |
|
|a Sassier, Yves
|d 1946-
|0 (DE-588)1095136372
|0 (DE-627)855629614
|0 (DE-576)462911381
|4 oth
|
| 800 |
1 |
|
|a Guillot, Olivier
|d 1932-2023
|t Pouvoirs et institutions dans la France médiévale.
|v 1
|9 1.1996
|w (DE-627)18558392X
|w (DE-576)9185583928
|7 am
|
| 912 |
|
|
|a GBV_ILN_350
|
| 912 |
|
|
|a ISIL_DE-2795
|
| 912 |
|
|
|a SYSFLAG_1
|
| 912 |
|
|
|a GBV_KXP
|
| 912 |
|
|
|a GBV_ILN_350_
|
| 951 |
|
|
|a MV
|
| 980 |
|
|
|2 350
|1 01
|x 8293
|b 09715377X
|c 00
|f MAG3
|d Bg 219 -1
|e i
|j --%%--
|y n
|z 02-09-96
|
| 982 |
|
|
|2 350
|1 01
|x 8293
|8 00
|a Rechtsgeschichte
|
| 982 |
|
|
|2 350
|1 01
|x 8293
|8 00
|a Frankreich
|
| 982 |
|
|
|2 350
|1 01
|x 8293
|8 00
|a Institution
|
| 982 |
|
|
|2 350
|1 01
|x 8293
|8 00
|a 0500-1230
|
| 984 |
|
|
|2 350
|1 01
|x 8293
|a 8293000230917
|
| 985 |
|
|
|2 350
|1 01
|x 8293
|a 96/10991
|